| 000 | 00671cab a2200217 4500 | ||
|---|---|---|---|
| 001 | X97580 | ||
| 008 | 090401t1999 xxu||||| |||| 00| 0 eng d | ||
| 035 | _a(Sirsi) u92256 | ||
| 041 | _aeng | ||
| 245 | _aGreenwich Healthcare NHS Trust v London and Quadrant Housing Trust and Others | ||
| 260 | _c1999 | ||
| 350 | _a0 | ||
| 490 |
_aProperty, Planning and Compensation Reports _v(1999) 77 P&CR 133-140(5) |
||
| 650 | _aEASEMENT | ||
| 650 | _aGREENWICH HEALTHCARE NHS TRUST V LONDON AND QUADRANT HOUSING TRUST | ||
| 650 | _aRESTRICTIVE COVENANTS | ||
| 650 | _aRIGHT OF WAY | ||
| 690 | _aHIGHWAYS RIGHTS OF WAY AND EASEMENTS | ||
| 942 | _n0 | ||
| 948 | _c23/03/1999 | ||
| 999 |
_c58496 _d58496 |
||